000 00418nam a22001697a 4500
005 20231103143113.0
008 231103b |||||||| |||| 00| 0 eng d
020 _a978-93-91334-09-3
041 _aeng
082 _a613
100 _aAZIZ, IRFAN AND AKHILESH, PRATAP
_98231
245 _aTEXTBOOK OF SOCIAL PHARMACY
260 _aAGRA
_bR.NARAIN P.D PVT LTD
300 _a168;p
650 _aPHARMACY
942 _cBK
999 _c8455
_d8453